Представление документа в формате RUSMARC

ПолеНазваниеЗначение
  Тип записи a
  Библиографический уровень m
001 Контрольный номер RU/SLIB/B/208720436
005 Дата корректировки 20201206203942.4
010 Индекс ISBN __
d Цена 0-80
101 Язык документа __
a Язык текста rus
200 Заглавие и сведения об ответственности 0_
a Заглавие И подымется рука...
e Сведения, относящиеся к заглавию повесть о Петре Алексееве
b Общее обозначение материала Текст
210 Выходные данные __
a Место издания М.
c Издательство Политиздат
d Дата издания 1973
215 Физическое описание __
a Объем 367 с.
c Иллюстрации/тип воспроизводства ил.
225 Серия __
a Серия Пламенные революционеры
600 Персоналии __
a Персоналии (Фамилия) Алексеев, П. А.
g Полное имя Пётр Алексеевич
606 Тематические рубрики __
a Основная рубрика История
z Хронологическая подрубрика 1849-1891 гг.; 19 в.
606 Тематические рубрики __
a Основная рубрика Россия в XVIII в. - 1917 г.
606 Тематические рубрики __
a Основная рубрика Художественная литература
606 Тематические рубрики __
a Основная рубрика Русская литература XX в. (произведения)
606 Тематические рубрики __
y Географическая подрубрика Россия; СССР
610 Ключевые слова __
a Ключевые слова биографии; революционеры; Революционное движение; повести
686 Индексы других классификаций __
a Классификационный индекс 63.3(2)522-8
686 Индексы других классификаций __
a Классификационный индекс 84(2Рос=Рус)6-4
700 Автор _1
a Фамилия Миндлин
b Имя Э. Л.
4 Код отношения 070
801 Источник записи _0
a Страна RU
b Организация Муниципальное бюджетное учреждение культуры "Централизованная библиотечная система" г. Сургут (Центральная городская библиотека им. А. С. Пушкина)
g Правила каталогизации К/Исакова
801 Источник записи _1
a Страна RU
b Организация Муниципальное бюджетное учреждение культуры "Централизованная библиотечная система" г. Сургут (Центральная городская библиотека им. А. С. Пушкина)
g Правила каталогизации К/Исакова
852 Данные о местонахождении __
j Шифр хранения 63.3(2)522-8
c Каталожный индекс 63.3(2)522-8; 84(2Рос=Рус)6-4
i Авторский знак М 62
p Инвентарный номер 10813(c)
901 Тип документа __
t Тип документа m
990 Данные о заказе (DOS) __
j Количество экземпляров (DOS) 1
t N записи в КСУ для И/У (DOS) ретро